000 00671nam a2200205 i 4500
001 78085
003 ES-MaACL
005 20230906173533.0
007 t|
008 041011s1914 xxk ||||1| eng d
100 1 _aHarrison, Frédéric.
_961931
245 1 4 _aThe meaning of the war
_b: for labour, freedom, country /
_cby Frédéric Harrison.
260 _aLondon :
_bMacmillan and Cº,
_c1914.
300 _a8 p. ;
_c20 cm.
490 1 _aPamphlets on the european crisis
650 0 4 _aGuerra mundial, 1914-1918-
_xCausas y antecedentes.
_913216
830 0 _aPamphlets on the european crisis
_9183581
852 _aES-MaACL
_jT-1428-F-15
999 _c78085
_d78085